| 000 | 00468nam a2200157 i 4500 | ||
|---|---|---|---|
| 001 | 172507 | ||
| 003 | ES-MaACL | ||
| 005 | 20230906214934.0 | ||
| 008 | 090713s1986 fr |||| | fre d | ||
| 080 | _a821.133.1-3"19" | ||
| 100 | 0 |
_aGenet, Jean. _956303 |
|
| 245 | 1 | 3 |
_aUn captif amoureux / _cJean Genet. |
| 260 |
_aParis : _bGallimard, _c[1986] |
||
| 300 |
_a503 p. p. ; _c21 cm. |
||
| 852 |
_aES-MaACL _jE-12825 _9R.139467 _z.- Biblioteca Jacinto MartÃnez Lacalle |
||
| 999 |
_c172507 _d172507 |
||